[Event "Napoli Vomero Primavera op 6th"]
[Site "Napoli"]
[Date "2009.03.12"]
[Round "1"]
[White "Messina, Enrico"]
[Black "Ricci, Giuseppe"]
[Result "1-0"]
[WhiteElo "2147"]
[BlackElo "1911"]
[PlyCount "42"]
[EventDate "2009.03.12"]
[EventType "swiss"]
[EventRounds "7"]
[EventCountry "ITA"]
[SourceTitle "EXT 2011"]
[Source "ChessBase"]
[SourceDate "2010.11.26"]
[SourceVersion "1"]
[SourceVersionDate "2010.11.26"]
[SourceQuality "1"]

1. e4 c5 2. Nf3 d6 3. d4 cxd4 4. Nxd4 Nf6 5. Nc3 a6 6. Be3 e6 7. f3 Be7 8. Qd2 b5 9. g4 0-0 10. g5 Ne8 11. 0-0-0 Qa5 12. Kb1 Bb7 13. Nd5 Qd8 14. Nxe7+ Qxe7 15. h4 Nd7 16. Qg2 Rc8 17. Bc1 d5 18. f4 Nc5 19. e5 Qc7 20. Bd3 Kh8 21. c3 Qe7 1-0

[Event "Napoli Vomero Primavera op-A 5th"]
[Site "Napoli"]
[Date "2008.05.01"]
[Round "5"]
[White "De Rosa, Francesco"]
[Black "Ricci, Giuseppe"]
[Result "1-0"]
[WhiteElo "1935"]
[BlackElo "1935"]
[PlyCount "55"]
[EventDate "2008.03.27"]
[EventType "swiss"]
[EventRounds "7"]
[EventCountry "ITA"]
[SourceTitle "EXT 2011"]
[Source "ChessBase"]
[SourceDate "2010.11.26"]
[SourceVersion "1"]
[SourceVersionDate "2010.11.26"]
[SourceQuality "1"]

1. e4 c5 2. Nf3 d6 3. d4 cxd4 4. Nxd4 Nf6 5. Nc3 a6 6. Be2 e5 7. Nb3 Be6 8. Be3 b5 9. f3 Be7 10. Qd2 0-0 11. 0-0-0 Nc6 12. Nd5 Bxd5 13. exd5 Nb8 14. g4 Qc7 15. g5 Nh5 16. Rhg1 Rc8 17. Bd3 Bd8 18. Kb1 g6 19. Nc1 Nd7 20. Ne2 Nc5 21. Ng3 Nxd3 22. Nxh5 gxh5 23. Qxd3 Qc4 24. Qf5 Qh4 25. g6 Bf6 26. gxf7+ Kh8 27. Rg5 Bxg5 28. Bxg5 1-0

[Event "Napoli Vomero Primavera op-A 5th"]
[Site "Napoli"]
[Date "2008.04.17"]
[Round "4"]
[White "Ricci, Giuseppe"]
[Black "Di Giulio, Massimo"]
[Result "1-0"]
[WhiteElo "1935"]
[BlackElo "2011"]
[PlyCount "47"]
[EventDate "2008.03.27"]
[EventType "swiss"]
[EventRounds "7"]
[EventCountry "ITA"]
[SourceTitle "EXT 2011"]
[Source "ChessBase"]
[SourceDate "2010.11.26"]
[SourceVersion "1"]
[SourceVersionDate "2010.11.26"]
[SourceQuality "1"]

1. e4 c5 2. Nf3 d6 3. d4 cxd4 4. Nxd4 Nf6 5. Nc3 g6 6. f3 Bg7 7. Be3 0-0 8. Qd2 Nc6 9. Bc4 Bd7 10. 0-0-0 Qa5 11. Nb3 Qc7 12. Bh6 Rfc8 13. Bxg7 Kxg7 14. g4 Ne5 15. Be2 Be6 16. h4 Nc4 17. Bxc4 Qxc4 18. h5 b5 19. hxg6 fxg6 20. Qh6+ Kg8 21. Rd4 Qc6 22. g5 Nd7 23. Qxh7+ Kf8 24. Qxg6 1-0

[Event "Napoli Vomero Inverno op 3rd "]
[Site "Napoli"]
[Date "2008.01.10"]
[Round "1"]
[White "Caiazzo, Diego"]
[Black "Ricci, Giuseppe"]
[Result "1-0"]
[WhiteElo "2060"]
[BlackElo "1935"]
[PlyCount "63"]
[EventDate "2008.01.10"]
[EventType "swiss"]
[EventRounds "6"]
[EventCountry "ITA"]
[SourceTitle "EXT 2009"]
[Source "ChessBase"]
[SourceDate "2008.11.26"]
[SourceVersion "1"]
[SourceVersionDate "2008.11.26"]
[SourceQuality "1"]

1. d4 d5 2. Nf3 Nf6 3. e3 c6 4. Bd3 Nbd7 5. 0-0 Qc7 6. Nbd2 e6 7. c3 Bd6 8. b3 0-0 9. Bb2 e5 10. dxe5 Nxe5 11. Nxe5 Bxe5 12. h3 Be6 13. Nf3 Bd6 14. Nd4 Ne4 15. Bxe4 dxe4 16. Nxe6 fxe6 17. Qg4 Rf6 18. Qxe4 Raf8 19. c4 Rg6 20. f4 Qe7 21. Be5 Bc5 22. Bd4 Bxd4 23. exd4 Qh4 24. Rf3 Rgf6 25. Raf1 g5 26. g4 gxf4 27. Qe5 Rg6 28. Kh2 Rh6 29. g5 Rg6 30. Rxf4 Rxf4 31. Rxf4 Qxg5 32. Qb8+ 1-0

[Event "Napoli Vomero Settembre op 4th"]
[Site "Napoli"]
[Date "2007.10.25"]
[Round "5"]
[White "Ricci, Giuseppe"]
[Black "Esposito, Rosario"]
[Result "1/2-1/2"]
[WhiteElo "1956"]
[BlackElo "1916"]
[PlyCount "64"]
[EventDate "2007.09.27"]
[EventType "swiss"]
[EventRounds "6"]
[EventCountry "ITA"]
[SourceTitle "EXT 2010"]
[Source "ChessBase"]
[SourceDate "2010.11.25"]
[SourceVersion "1"]
[SourceVersionDate "2010.11.25"]
[SourceQuality "1"]

1. e4 c5 2. Nf3 e6 3. d4 cxd4 4. Nxd4 Nc6 5. Nb3 Nf6 6. N1d2 Be7 7. Be2 0-0 8. 0-0 a6 9. a4 b6 10. c3 Bb7 11. Qc2 Qc7 12. f4 d6 13. g4 Nd7 14. Nf3 Nc5 15. Nxc5 dxc5 16. e5 Rfd8 17. Be3 Bf8 18. Bd3 g6 19. h4 Ne7 20. h5 c4 21. hxg6 cxd3 22. gxf7+ Kh8 23. Qh2 Bxf3 24. Rxf3 Nd5 25. Bd4 Qxf7 26. Raf1 Bc5 27. f5 Bxd4+ 28. cxd4 Rac8 29. Rxd3 Rg8 30. Rg3 Rc4 31. g5 exf5 32. Qh4 Qg6 1/2-1/2

[Event "Napoli Vomero Settembre op 4th"]
[Site "Napoli"]
[Date "2007.10.11"]
[Round "3"]
[White "Ricci, Giuseppe"]
[Black "Chiummo, Sergio"]
[Result "0-1"]
[WhiteElo "1956"]
[BlackElo "1939"]
[PlyCount "60"]
[EventDate "2007.09.27"]
[EventType "swiss"]
[EventRounds "6"]
[EventCountry "ITA"]
[SourceTitle "EXT 2010"]
[Source "ChessBase"]
[SourceDate "2010.11.25"]
[SourceVersion "1"]
[SourceVersionDate "2010.11.25"]
[SourceQuality "1"]

1. e4 e6 2. d4 d5 3. e5 c5 4. c3 Nc6 5. Nf3 Bd7 6. Be2 Nge7 7. 0-0 Ng6 8. Be3 cxd4 9. cxd4 Be7 10. Nc3 a6 11. Rc1 Rc8 12. g3 0-0 13. h4 f6 14. h5 Nh8 15. Kg2 fxe5 16. dxe5 Nf7 17. Bf4 Na5 18. Bd3 Nc4 19. Bb1 Nh8 20. Qc2 Rf5 21. g4 Rxf4 22. Qxh7+ Kf7 23. Bg6+ Nxg6 24. Qxg6+ Kg8 25. h6 Qf8 26. Ng5 Bxg5 27. Qxg5 Nxe5 28. h7+ Kh8 29. Qxe5 Rxg4+ 30. Kh3 Qf3+ 0-1

[Event "Napoli Vomero Primavera op 4th"]
[Site "Napoli"]
[Date "2007.05.03"]
[Round "7"]
[White "Ricci, Giuseppe"]
[Black "Pinto, Gaetano"]
[Result "0-1"]
[WhiteElo "1946"]
[BlackElo "2024"]
[PlyCount "96"]
[EventDate "2007.03.22"]
[EventType "swiss"]
[EventRounds "7"]
[EventCountry "ITA"]
[SourceTitle "EXT 2010"]
[Source "ChessBase"]
[SourceDate "2010.11.25"]
[SourceVersion "1"]
[SourceVersionDate "2010.11.25"]
[SourceQuality "1"]

1. e4 e6 2. d4 d5 3. Nc3 dxe4 4. Nxe4 Nd7 5. Nf3 Ngf6 6. Bd3 c5 7. Nxf6+ Nxf6 8. 0-0 cxd4 9. Nxd4 Bc5 10. Nb3 Bd6 11. Bg5 Bd7 12. Re1 Qc7 13. h3 0-0-0 14. c4 Kb8 15. c5 Bh2+ 16. Kh1 Bf4 17. Bxf4 Qxf4 18. Qc2 Ba4 19. Bf1 Rd5 20. Qc4 Qxc4 21. Bxc4 Bxb3 22. Bxd5 Bxd5 23. Kg1 a5 24. Re3 Rc8 25. Rc1 Ne4 26. Ra3 b6 27. Rb1 Rxc5 28. b4 Rb5 29. f3 Nd2 30. Rd1 Nc4 31. Rc3 Rxb4 32. Rd4 b5 33. Rf4 Rb1+ 34. Kh2 Nd6 35. a3 Kb7 36. g4 Kb6 37. g5 Nf5 38. Rc8 Rb2+ 39. Kg1 b4 40. axb4 Rxb4 41. Rb8+ Kc5 42. Rc8+ Kb5 43. Rxb4+ axb4 44. Kf2 Ka4 45. f4 Ka3 46. Ke2 b3 47. Kd2 b2 48. Rc3+ Bb3 0-1

[Event "Napoli Bronstein Memorial"]
[Site "Napoli"]
[Date "2007.02.22"]
[Round "6"]
[White "Ricci, Giuseppe"]
[Black "Ficco, Corrado"]
[Result "0-1"]
[WhiteElo "1946"]
[BlackElo "2178"]
[PlyCount "176"]
[EventDate "2007.01.18"]
[EventType "swiss"]
[EventRounds "6"]
[EventCountry "ITA"]
[SourceTitle "EXT 2010"]
[Source "ChessBase"]
[SourceDate "2010.11.25"]
[SourceVersion "1"]
[SourceVersionDate "2010.11.25"]
[SourceQuality "1"]

1. e4 c5 2. Nf3 e6 3. d4 cxd4 4. Nxd4 Nf6 5. Nc3 Nc6 6. Be3 Bb4 7. Bd3 d5 8. Nxc6 bxc6 9. exd5 cxd5 10. 0-0 0-0 11. a3 Be7 12. Bd4 a5 13. Qe2 Bd7 14. a4 Re8 15. Nb5 Bc6 16. Be5 Bxb5 17. Bxb5 Rf8 18. Rfd1 Bd6 19. c4 Bxe5 20. Qxe5 Qb8 21. Qxb8 Raxb8 22. c5 Rfc8 23. Rac1 Rc7 24. f3 Kf8 25. Kf2 Ke7 26. b4 axb4 27. Rd4 Nd7 28. c6 Ne5 29. Ke3 b3 30. Rb4 b2 31. Rxb2 Nc4+ 32. Rxc4 dxc4 33. Rc2 Rd8 34. Rxc4 Rd5 35. g4 Kd6 36. h4 h6 37. Rc3 Rc8 38. Rb3 Rb8 39. Rc3 Kc7 40. Ke4 Rbd8 41. Ke3 h5 42. Rc4 Rd3+ 43. Ke4 hxg4 44. fxg4 Rd1 45. Rb4 Rh1 46. h5 Ra1 47. Rb3 Re1+ 48. Kf3 Re5 49. Kf4 Rc5 50. Ke4 Rg5 51. Kf4 f6 52. Rb4 Rb8 53. Re4 Re8 54. Rb4 Rc5 55. Ke3 Rd8 56. Kf3 Rc3+ 57. Kf4 Rb8 58. Ke4 Rxc6 59. Rd4 Rd6 60. Rc4+ Kd8 61. Rc3 Rc8 62. Rb3 Rd5 63. Rf3 Rcc5 64. Rb3 Kc7 65. Ra3 Rg5 66. Kf4 Rcd5 67. Rc3+ Rc5 68. Rd3 Rgd5 69. Rb3 Rd4+ 70. Kf3 e5 71. Kg3 Rc1 72. Kf3 Rf4+ 73. Kg3 Rg1+ 74. Kh2 Rgxg4 75. Rc3+ Kb7 76. Bc6+ Kb6 77. Bf3 Rh4+ 78. Kg2 Rxa4 79. Rc6+ Kb5 80. Rc8 Ra2+ 81. Kg3 Rf4 82. Rb8+ Kc5 83. Rc8+ Kb4 84. Rb8+ Kc3 85. Rd8 Ra3 86. Bc6 Rc4 87. Bb5 Rc5 88. Bf1 Rc7 0-1

[Event "Napoli Bronstein Memorial"]
[Site "Napoli"]
[Date "2007.02.15"]
[Round "5"]
[White "Ricci, Giuseppe"]
[Black "Di Giulio, Massimo"]
[Result "1-0"]
[WhiteElo "1946"]
[BlackElo "2018"]
[PlyCount "95"]
[EventDate "2007.01.18"]
[EventType "swiss"]
[EventRounds "6"]
[EventCountry "ITA"]
[SourceTitle "EXT 2010"]
[Source "ChessBase"]
[SourceDate "2010.11.25"]
[SourceVersion "1"]
[SourceVersionDate "2010.11.25"]
[SourceQuality "1"]

1. e4 c5 2. Nf3 d6 3. d4 cxd4 4. Nxd4 Nf6 5. Nc3 g6 6. f3 Bg7 7. Be3 0-0 8. Qd2 Nc6 9. 0-0-0 Nxd4 10. Bxd4 Be6 11. g4 Qa5 12. g5 Nh5 13. Bxg7 Nxg7 14. a3 Rfc8 15. h4 Rab8 16. Bh3 b5 17. Nd5 Qxd2+ 18. Rxd2 Kf8 19. f4 Bxh3 20. Rxh3 Rc4 21. Re2 Nh5 22. b3 Rc5 23. Rf3 e6 24. Ne3 Rc3 25. f5 gxf5 26. exf5 exf5 27. Rff2 Ng3 28. Re1 Rbc8 29. Kb2 R3c5 30. Rf3 Nh5 31. Rxf5 Rxf5 32. Nxf5 Rc6 33. Rd1 Nf4 34. Rxd6 Rxd6 35. Nxd6 a6 36. Kc3 Ke7 37. Ne4 a5 38. Kd4 Ng6 39. h5 Nf4 40. h6 Ne6+ 41. Kd5 Kd7 42. Nf6+ Kc7 43. Nxh7 a4 44. Nf6 Nxg5 45. h7 Nxh7 46. Nxh7 f5 47. b4 f4 48. Ng5 1-0

[Event "Napoli Settembre al Vomero 3rd"]
[Site "Napoli"]
[Date "2006.09.28"]
[Round "3"]
[White "Ricci, Giuseppe"]
[Black "Gallo, Thomas Renato"]
[Result "1-0"]
[WhiteElo "1984"]
[BlackElo "1862"]
[PlyCount "45"]
[EventDate "2006.09.15"]
[EventType "swiss"]
[EventRounds "6"]
[EventCountry "ITA"]
[SourceTitle "EXT 2018"]
[Source "ChessBase"]
[SourceDate "2017.10.13"]
[SourceVersion "1"]
[SourceVersionDate "2017.10.13"]
[SourceQuality "1"]

1. e4 d6 2. d4 Nf6 3. Nc3 g6 4. f3 Bg7 5. Be3 0-0 6. Qd2 Re8 7. 0-0-0 a6 8. h4 Nh5 9. Nge2 e5 10. g4 exd4 11. Bxd4 Bxd4 12. Nxd4 Ng3 13. Rh3 Nxf1 14. Rxf1 Qf6 15. Nd5 Qd8 16. Qh6 c6 17. h5 Re5 18. hxg6 Qg5+ 19. Qxg5 Rxg5 20. Ne7+ Kf8 21. gxh7 Kxe7 22. h8Q Rg6 23. Qxc8 1-0

[Event "Napoli Natale al Vomero 2nd"]
[Site "Napoli"]
[Date "2005.12.01"]
[Round "5"]
[White "Ricci, Giuseppe"]
[Black "Nardiello, Luigi"]
[Result "1-0"]
[WhiteElo "1820"]
[BlackElo "1524"]
[PlyCount "71"]
[EventDate "2005.11.03"]
[EventType "swiss"]
[EventRounds "6"]
[EventCountry "ITA"]
[SourceTitle "EXT 2018"]
[Source "ChessBase"]
[SourceDate "2017.10.13"]
[SourceVersion "1"]
[SourceVersionDate "2017.10.13"]
[SourceQuality "1"]

1. e4 c5 2. Nf3 e6 3. d4 cxd4 4. Nxd4 a6 5. Nc3 Qc7 6. f4 Bc5 7. Be2 Qb6 8. Na4 Qa5+ 9. c3 Ba7 10. 0-0 Qc7 11. c4 Nf6 12. e5 Ne4 13. Nc3 Nxc3 14. bxc3 Nc6 15. Kh1 0-0 16. Ba3 Rd8 17. Bd6 Qb6 18. c5 Qb2 19. f5 Qxc3 20. fxe6 dxe6 21. Nxc6 bxc6 22. Bd3 Rxd6 23. exd6 Qxc5 24. d7 Bxd7 25. Bxh7+ Kxh7 26. Qxd7 Qe5 27. Qxf7 Bb8 28. g3 Bd6 29. Qf3 Rf8 30. Qxc6 Rd8 31. Rae1 Qh5 32. Re4 Be7 33. Rxe6 Bf6 34. Qe4+ Kg8 35. Rxa6 Qh3 36. Qe6+ 1-0